ბათუმის შოთა რუსთაველის სახელმწიფო უნივერსიტეტის ბიბლიოთეკა

კარიბჭე №11(358) 25 ოქტომბერი-28 ნოემბერი.2018წ. (ბიბ.ჩანაწერი № 56389)

000 -LEADER
fixed length control field 00779nam a2200193Ia 4500
001 - CONTROL NUMBER
control field 23502
003 - CONTROL NUMBER IDENTIFIER
control field GE_BSU
008 - FIXED-LENGTH DATA ELEMENTS--GENERAL INFORMATION
fixed length control field 181216s||||||||xx |||||||||||||| ||und||
040 ## - CATALOGING SOURCE
Transcribing agency GE_BSU
245 ## - TITLE STATEMENT
Title კარიბჭე №11(358) 25 ოქტომბერი-28 ნოემბერი.2018წ.
245 ## - TITLE STATEMENT
Remainder of title მართლმადიდებლური ჟურნალი.
245 ## - TITLE STATEMENT
Statement of responsibility, etc. მთავარი რედაქტორი: თამარ მამაცაშვილი.
260 ## - PUBLICATION, DISTRIBUTION, ETC.
Place of publication, distribution, etc. თბილისი
260 ## - PUBLICATION, DISTRIBUTION, ETC.
Date of publication, distribution, etc. 2018წელი
300 ## - PHYSICAL DESCRIPTION
Extent 50გვ;28სმ;
653 ## - INDEX TERM--UNCONTROLLED
Uncontrolled term კარიბჭე. №11(358) 25 ოქტომბერი-28 ნოემბერი.2018წ.
653 ## - INDEX TERM--UNCONTROLLED
Uncontrolled term პერიოდიკა
942 ## - ADDED ENTRY ELEMENTS (KOHA)
Koha item type პერიოდიკა
ეგზემპლარები
Withdrawn status Lost status Damaged status Not for loan Date acquired Barcode Date last seen Price effective from Koha item type Public note
        2018-12-17 p79667 2018-12-17 2018-12-17 პერიოდიკა პერიოდიკა